00345nam a2200133Ia 45000030006000000080041000060400015000471000022000622450027000842600063001113000006001745460014001800050017001940STCL150530s9999 xx 000 0 und d aSTCLcSTCL aRamachandran Nair aPrasnangal Prameyangal bState Institute of Lanagauge; Trivandrumc1999aTrivandrum a0 aMalayalam20220125165814.0